Online katalóg knižníc regiónu Turca

Potopa ; Sucho ; Hlad (Record no. 20734)

MARC details
000 -LEADER
fixed length control field 02522cam a2200637 a 4500
001 - CONTROL NUMBER
control field 20734
003 - CONTROL NUMBER IDENTIFIER
control field VRT
005 - DATE AND TIME OF LATEST TRANSACTION
control field 20260130153938.0
008 - FIXED-LENGTH DATA ELEMENTS--GENERAL INFORMATION
fixed length control field 240315s1977 xo e 0000f slo
015 ## - NATIONAL BIBLIOGRAPHY NUMBER
National bibliography number SNBA1978
020 ## - INTERNATIONAL STANDARD BOOK NUMBER
Qualifying information (viaz.)
035 ## - SYSTEM CONTROL NUMBER
System control number SNK000053921
039 #9 - LEVEL OF BIBLIOGRAPHIC CONTROL AND CODING DETAIL [OBSOLETE]
Level of rules in bibliographic description 202512141718
Level of effort used to assign nonsubject heading access points AUTHORITY
Level of effort used to assign subject headings 202505261043
Level of effort used to assign classification msvkbb08
Level of effort used to assign subject headings 202408270900
Level of effort used to assign classification csnk01
Level of effort used to assign subject headings 202408141354
Level of effort used to assign classification AUTHORITY
040 ## - CATALOGING SOURCE
Original cataloging agency SNK
Language of cataloging slo
Transcribing agency SNK
Description conventions AACR2
041 1# - LANGUAGE CODE
Language code of text/sound track or separate title slo
Language code of original eng
044 ## - COUNTRY OF PUBLISHING/PRODUCING ENTITY CODE
MARC country code xo
ISO country code SK
072 #7 - SUBJECT CATEGORY CODE
Subject category code 821.111-3
Subject category code subdivision Anglická próza, anglicky písaná
Source konspekt
080 ## - UNIVERSAL DECIMAL CLASSIFICATION NUMBER
Universal Decimal Classification number 821.111-31
Edition identifier 2011
080 ## - UNIVERSAL DECIMAL CLASSIFICATION NUMBER
Universal Decimal Classification number (0:82-311.9)
Edition identifier 2011
100 1# - MAIN ENTRY--PERSONAL NAME
Personal name Creasey, John,
Dates associated with a name 1908-1973
245 10 - TITLE STATEMENT
Title Potopa ; Sucho ; Hlad
Statement of responsibility, etc. John Creasey ; preložili Irena Lifková, Jozef Šimo, Augustín Jurák
250 ## - EDITION STATEMENT
Edition statement 1. vyd.
260 ## - PUBLICATION, DISTRIBUTION, ETC.
Place of publication, distribution, etc. Bratislava
Name of publisher, distributor, etc. Slovenský spisovateľ
Date of publication, distribution, etc. 1977
Place of manufacture Bratislava
Manufacturer Svornosť
300 ## - PHYSICAL DESCRIPTION
Extent 576 s.
Dimensions 21 cm
366 ## - TRADE AVAILABILITY INFORMATION
Note 80000 výtl.
490 1# - SERIES STATEMENT
Series statement Zelená knižnica
500 ## - GENERAL NOTE
General note Preložené z angličtiny
655 #7 - INDEX TERM--GENRE/FORM
Genre/form data or focus term anglické romány
Source of term SNKPH
655 #7 - INDEX TERM--GENRE/FORM
Genre/form data or focus term vedecko-fantastické romány
Source of term SNKPH
655 #7 - INDEX TERM--GENRE/FORM
Genre/form data or focus term English fiction
Source of term SNKPHeng
655 #7 - INDEX TERM--GENRE/FORM
Genre/form data or focus term Science fiction novels
Source of term SNKPHeng
700 1# - ADDED ENTRY--PERSONAL NAME
Personal name Lifková, Irena,
Dates associated with a name 1935-2011
Relationship trl
700 1# - ADDED ENTRY--PERSONAL NAME
Personal name Šimo, Jozef,
Dates associated with a name 1909-1984
Relationship trl
700 1# - ADDED ENTRY--PERSONAL NAME
Personal name Jurák, Augustín
Relationship trl
700 1# - ADDED ENTRY--PERSONAL NAME
Personal name Longauer, Ľubomír,
Dates associated with a name 1948-2025
Relationship bkd
700 12 - ADDED ENTRY--PERSONAL NAME
Personal name Creasey, John,
Dates associated with a name 1908-1973
Title of a work The Flood
Language of a work Slovensky
700 12 - ADDED ENTRY--PERSONAL NAME
Personal name Creasey, John,
Dates associated with a name 1908-1973
Title of a work The Drought
Language of a work Slovensky
700 12 - ADDED ENTRY--PERSONAL NAME
Personal name Creasey, John,
Dates associated with a name 1908-1973
Title of a work The Famine
Language of a work Slovensky
740 02 - ADDED ENTRY--UNCONTROLLED RELATED/ANALYTICAL TITLE
Uncontrolled related/analytical title Sucho
740 02 - ADDED ENTRY--UNCONTROLLED RELATED/ANALYTICAL TITLE
Uncontrolled related/analytical title Hlad
830 #0 - SERIES ADDED ENTRY--UNIFORM TITLE
Uniform title Zelená knižnica
942 ## - ADDED ENTRY ELEMENTS (KOHA)
Source of classification or shelving scheme Dewey Decimal Classification
Koha item type Krásna literatúra pre dospelých
Suppress in OPAC No
949 ## - LOCAL PROCESSING INFORMATION (OCLC)
6 17A1004049
a snkSC 43045
949 ## - LOCAL PROCESSING INFORMATION (OCLC)
6 270001000606004
a svkbbA 13718-b
b svkbbm 815395
p Knižný dar – pozostalosť po Ing. Michalovi Sasinekovi, spoluzakladateľovi Klubu priateľov vedy, prognostiky a vedeckej fantastiky v Banskej Bystrici<br/>
949 ## - LOCAL PROCESSING INFORMATION (OCLC)
6 270001000507336
a svkbbA 13718
b svkbbm 336579
949 ## - LOCAL PROCESSING INFORMATION (OCLC)
6 273K0274598
a svkpoA 109721
b svkpo252953
949 ## - LOCAL PROCESSING INFORMATION (OCLC)
6 4710700496
a strmkB
b strmk2008/496
949 ## - LOCAL PROCESSING INFORMATION (OCLC)
6 4710700456
a strmkB
b strmk2008/456
949 ## - LOCAL PROCESSING INFORMATION (OCLC)
6 4710700624
a strmkB
b strmk2008/624
949 ## - LOCAL PROCESSING INFORMATION (OCLC)
6 17A0079151
9 P60, <04>, [BOOK], {604}
a snkSC 43045 D1
949 ## - LOCAL PROCESSING INFORMATION (OCLC)
6 270001000077867
a svkbbA 13718
b svkbbm 362904
p 362.904
949 ## - LOCAL PROCESSING INFORMATION (OCLC)
6 273K0211071
a svkpoA 165011
b svkpo409036
949 ## - LOCAL PROCESSING INFORMATION (OCLC)
6 3869A09601
a bpksh820-31
b bpksh44548
Holdings
Stav vyradenia Strata Poškodenie Spôsob nadobudnutia Domovská knižnica Aktuálna knižnica Dátum nadobudnutia Total checkouts Čiarový kód exemplára Date last seen Typ exemplára
      Dar Obecná knižnica Horná Štubňa Obecná knižnica Horná Štubňa 30.01.2026   4736200881 30.01.2026 Krásna literatúra pre dospelých
Projekt je podporený Slovenskou asociáciou knižníc
Prevádzkuje Turčianska knižnica Martin 2026